000 00857nam a22002297a 4500
001 497
003 BD-RjUL
005 20211208233205.0
008 131118m1949 ii ||||| |||| 001 0 eng d
035 _a(BD-RjUL)514
040 _aBD-RjUL
_beng
_cBD-RjUL
_dBD-RjUL
041 _aeng
082 0 4 _216
_a025.81
_bSAM 1949
100 1 _aSavage, Ernest A.
_91531
245 1 _aManual of Book Classification and Display:
_bFor public Library/
_cErnest A.Savage,
260 _aLondon :
_b George Allen & Unwin ltd
_c1949
300 _a240p.:
_bill,;
_c20 cm.
504 _aIncludes index[232-240]
650 _2SLSH
_aClassification --Books.
_91532
856 _3World Cat details
_uhttp://www.worldcat.org/title/manual-of-book-classification-and-display-for-public-libraries/oclc/3924190&referer=brief_results
942 _2ddc
_cBK
999 _c497
_d497